<?xml version="1.0" encoding="UTF-8"?>
<record
    xmlns:xsi="http://www.w3.org/2001/XMLSchema-instance"
    xsi:schemaLocation="http://www.loc.gov/MARC21/slim http://www.loc.gov/standards/marcxml/schema/MARC21slim.xsd"
    xmlns="http://www.loc.gov/MARC21/slim">

  <leader>01007nam a2200241 a 4500</leader>
  <datafield tag="999" ind1=" " ind2=" ">
    <subfield code="c">357840</subfield>
    <subfield code="d">357840</subfield>
  </datafield>
  <controlfield tag="001">000000426944</controlfield>
  <controlfield tag="003">IT-MiSPE</controlfield>
  <controlfield tag="005">20180506163654.0</controlfield>
  <controlfield tag="008">170123s2017    it            001 u ita d</controlfield>
  <datafield tag="020" ind1=" " ind2=" ">
    <subfield code="a">9788892210011</subfield>
  </datafield>
  <datafield tag="040" ind1=" " ind2=" ">
    <subfield code="a">IT-MiSPE</subfield>
    <subfield code="b">ita</subfield>
    <subfield code="d">ml</subfield>
    <subfield code="c">IT-MiSPE</subfield>
  </datafield>
  <datafield tag="082" ind1=" " ind2=" ">
    <subfield code="a">212-TIM ro pe (23132)</subfield>
  </datafield>
  <datafield tag="100" ind1="1" ind2=" ">
    <subfield code="a">Timossi, Roberto Giovanni,</subfield>
    <subfield code="d">1953-</subfield>
    <subfield code="9">57044</subfield>
  </datafield>
  <datafield tag="245" ind1="1" ind2="0">
    <subfield code="a">Perch&#xE9; crediamo in Dio :</subfield>
    <subfield code="b">le ragioni della fede cristiana nel mondo contemporaneo /</subfield>
    <subfield code="c">Roberto Giovanni Timossi.</subfield>
  </datafield>
  <datafield tag="260" ind1=" " ind2=" ">
    <subfield code="a">Cinisello Balsamo (MI) :</subfield>
    <subfield code="b">San Paolo,</subfield>
    <subfield code="c">&#xA9;2017.</subfield>
  </datafield>
  <datafield tag="300" ind1=" " ind2=" ">
    <subfield code="a">284 p. ;</subfield>
    <subfield code="c">20 cm</subfield>
  </datafield>
  <datafield tag="504" ind1=" " ind2=" ">
    <subfield code="a">Bibliografia (p. 261-279) e indice</subfield>
  </datafield>
  <datafield tag="655" ind1=" " ind2="7">
    <subfield code="a">Teologia fondamentale</subfield>
    <subfield code="x">Letteratura apologetica o di crisi -  Fede e ragione - Fede e cultura.</subfield>
    <subfield code="2">local</subfield>
    <subfield code="9">57045</subfield>
  </datafield>
  <datafield tag="655" ind1=" " ind2="7">
    <subfield code="a">Sociologia della religione</subfield>
    <subfield code="x">Valori religiosi - Influsso della religione sulla societ&#xE0; - Secolarizzazione - Religione e cultura.</subfield>
    <subfield code="2">local</subfield>
    <subfield code="9">57046</subfield>
  </datafield>
  <datafield tag="942" ind1=" " ind2=" ">
    <subfield code="2">ddc</subfield>
    <subfield code="c">BK</subfield>
  </datafield>
  <datafield tag="952" ind1=" " ind2=" ">
    <subfield code="0">0</subfield>
    <subfield code="1">0</subfield>
    <subfield code="2">ddc</subfield>
    <subfield code="4">0</subfield>
    <subfield code="6">212TIM_RO_PE_23132</subfield>
    <subfield code="7">1</subfield>
    <subfield code="a">CINISELLO</subfield>
    <subfield code="b">CINISELLO</subfield>
    <subfield code="d">2018-05-06</subfield>
    <subfield code="l">0</subfield>
    <subfield code="o">212-TIM ro pe (23132)</subfield>
    <subfield code="p">9788892210011</subfield>
    <subfield code="r">2018-05-06 00:00:00</subfield>
    <subfield code="w">2018-05-06</subfield>
    <subfield code="y">BK</subfield>
  </datafield>
</record>
